El zorrito / (Record no. 161103)

MARC details
000 -CABECERA
campo de control de longitud fija 00694nam a2200217 u 4500
005 - FECHA Y HORA DE LA ÚLTIMA TRANSACCIÓN
campo de control 20240314063645.0
008 - ELEMENTOS DE LONGITUD FIJA--INFORMACIÓN GENERAL
campo de control de longitud fija 121129s2007 es r 000 0 spa d
020 ## - NÚMERO INTERNACIONAL NORMALIZADO PARA LIBROS
Número Internacional Estándar del Libro 9788426135919
035 ## - NÚMERO DE CONTROL DEL SISTEMA
Número de control de sistema UPN01000189000
049 ## - COLECCIÓN
Colección I
050 #4 - SIGNATURA TOPOGRÁFICA DE LA BIBLIOTECA DEL CONGRESO
Número de clasificación PS3552 A6.4
Número de documento/Ítem Z6.7
100 1# - ASIENTO PRINCIPAL--NOMBRE PERSONAL
Nombre de persona Banks, Kate,
Fechas asociadas al nombre 1960-
9 (RLIN) 33486
245 13 - MENCIÓN DE TÍTULO
Título El zorrito /
Mención de responsabilidad, etc. Kate Banks ; il. Georg Hallensleben, tr. Elodie Bourgeois Bertín.
260 ## - PUBLICACIÓN, DISTRIBUCIÓN, ETC.
Lugar de publicación, distribución, etc. Barcelona, Esp. :
Nombre del editor, distribuidor, etc. Juventud,
Fecha de publicación, distribución, etc. 2007.
300 ## - DESCRIPCIÓN FÍSICA
Extensión 34 p. :
Otras características físicas principalmente il. col.
534 ## - NOTA SOBRE LA VERSIÓN ORIGINAL
Frase introductoria Tïtulo original:
Mención de título del original Fox
650 #4 - ASIENTO SECUNDARIO DE MATERIA - TERMINO TEMATICO
Término de materia o nombre geográfico como elemento de entrada Cuentos infantiles estadounidenses
9 (RLIN) 10762
650 #4 - ASIENTO SECUNDARIO DE MATERIA - TERMINO TEMATICO
Término de materia o nombre geográfico como elemento de entrada ZORROS -
Subdivisión de forma CUENTOS Y LEYENDAS
9 (RLIN) 21874
905 ## - TIPO DE MATERIAL
Tipo de material Infantil
Holdings
Estado de retiro Estado de pérdida Fuente del sistema de clasificación o colocación Estado dañado No para préstamo Código de colección Localización permanente Ubicación/localización actual Ubicación en estantería Fecha de adquisición Total de préstamos Clasificación Código de barras Fecha visto por última vez Número de copia Tipo de ítem Koha
    Library of Congress Classification     Infantil Bib. Gregorio Torres Quintero Bib. Gregorio Torres Quintero Sala infantil Planta baja 10/05/2023 3 PS3552 A6.4 Z6.7 298064 31/12/2020 1 Libro
    Library of Congress Classification     Infantil Bib. Gregorio Torres Quintero Bib. Gregorio Torres Quintero Sala infantil Planta baja 10/05/2023   PS3552 A6.4 Z6.7 300587 31/12/2020 1 Libro
    Library of Congress Classification     Infantil Bib. Gregorio Torres Quintero Bib. Gregorio Torres Quintero Sala infantil Planta baja 10/05/2023 4 PS3552 A6.4 Z6.7 287007 31/12/2020 1 Libro